Memòria de l'Arxiu Municipal de Valls : 1992 1992
Descripción Física:
[47] f. ; 30 cm
Materias:
Arxiu Municipal de Valls -- Memòries
MARC
| LEADER | 00000nam a2200000Ia 4500 | ||
|---|---|---|---|
| 001 | 10417 | ||
| 003 | BGR | ||
| 005 | 20260324175235.0 | ||
| 008 | 160829s9999 xx 000 0 cat d | ||
| 080 | |a FU-25-7 | ||
| 110 | 1 | |a Arxiu Municipal de Valls |9 70425 | |
| 245 | |a Memòria de l'Arxiu Municipal de Valls : |b 1992 | ||
| 260 | |a Valls : |b Ajuntament. Arxiu municipal, [1993?] | ||
| 300 | |a [47] f. ; |c 30 cm | ||
| 650 | |a Arxiu Municipal de Valls |x Memòries |9 22747 | ||
| 710 | 1 | |a Valls (Catalunya). |b Ajuntament |9 53920 | |
| 901 | |a Arxiu | ||
| 942 | |n 1 |2 udc |c MON | ||
| 952 | |0 0 |1 0 |4 0 |6 FU257 |7 1 |9 42313 |a Arxiu |b Arxiu |d 2016-12-01 |l 0 |o FU-25-7 |p 10417 |r 2016-12-01 00:00:00 |w 2016-12-01 |y ARXIU | ||
| 999 | |c 44791 |d 44791 | ||